| 000 | 00498nam a2200181Ia 4500 | ||
|---|---|---|---|
| 008 | 100917s9999 xx 000 0 und d | ||
| 082 | _b17205 | ||
| 100 | _aछत्रे वि. सु. , फडके गंगाधरशास्त्री | ||
| 245 | _aबीज गणित | ||
| 260 |
_b--- _c1851 |
||
| 300 | _a389 | ||
| 365 | _b0 | ||
| 520 | _aगणित | ||
| 630 | _aबीज गणित | ||
| 650 | _aगणित | ||
| 730 | _aबीज गणित | ||
| 942 | _cBOOK | ||
| 999 |
_c622599 _d622596 |
||